| 000 | 00739nam a2200229 a 4500 | ||
|---|---|---|---|
| 001 | 14977 | ||
| 003 | CO-ViMGA | ||
| 008 | 141112s2004 ck r 000 u spa d | ||
| 020 | _a959339034 | ||
| 040 |
_aCO-ViMGA _bspa _cCO-ViMGA |
||
| 082 | 0 | 4 | _a330.986 I557 |
| 100 | 1 |
_aInstituto Maria Cano, _921706 |
|
| 245 | 1 | 0 | _aPaz y convivencia Social |
| 260 |
_aBtá, _cIsmac.1994 |
||
| 300 | _a52.p. | ||
| 490 | _aDocumento;4 | ||
| 505 | _aEl gobierno de Gaviria, revolcon original? La negociación política del conflicto armado en Colombia Colombia y Cuba | ||
| 590 |
_aForma de adquisición : Donación - - Precio : _10.000 |
||
| 650 | 1 | 4 | _aCOLOMBIA Política Y GOBIERNO |
| 650 | 1 | 4 |
_aCOLOMBIA RELACIONES - CUBA _921707 |
| 942 |
_2ddc _cBK |
||
| 999 |
_c25415 _d25415 |
||